000 00502nam a2200181Ia 4500
008 240925s9999 xx 000 0 und d
020 _a9780070669031
082 _a004.6 WIL
100 _awilliams ,Timothy .J
245 0 _aMCQs in Computer Science
250 _a3rd
260 _aNew Delhi:
_bRajat Publication
_c,2008.
300 _axiv,778p.
_bNA
_fPhotocopy
500 _aIncludes Index
600 _aComputer Science
650 _aComputer science, information & general works
942 _cBK
999 _c9998
_d9998